Filosofía de la vida artística /

Salvato in:
Dettagli Bibliografici
Autore principale: Ramos, Samuel (autor)
Natura: Libro
Lingua:spagnolo
Pubblicazione: México : Espasa-Calpe, 1964, c1964
Edizione:2a edición
Serie:(Austral ; 974)
Soggetti:
Tags: Aggiungi Tag
Nessun Tag, puoi essere il primo ad aggiungerne!!

MARC

LEADER 00000nam^a2200000^a^4500
001 000388834
005 20250521000000.0
009 20260310121105.985
037 |a Acervo Xavier Clavigero 
041 |a ESP 
082 |a 808.  |b AUS. V. 974 
100 |a Ramos, Samuel  |e (autor) 
245 1 0 |a Filosofía de la vida artística /  |c S. Ramos. 
250 |a 2a edición 
264 4 |a México :  |b Espasa-Calpe,  |c 1964, c1964 
300 |a 145 p. 
336 |a texto  |b txt  |2 rdacontenido 
337 |a sin mediación  |b n  |2 rdamedio 
338 |a volumen  |b nc  |2 rdasoporte 
440 1 |a (Austral ;  |v 974) 
561 |a Ex libris de Instituto de Literatura Puente Grande, Jal. 
561 |a Ex libris de Bibl. Iunioratus Dom. Prob. S. Ioseph 
561 |a Ex libris manuscrito de Jorge Heredia 
649 |a XX 
650 |a Valores 
650 |a Realidad -  |x Filosofía 
650 |a Personalidad -  |x Filosofía 
650 |a Sentimientos -  |x Filosofía 
650 |a Danza -  |x Filosofía 
650 |a Música -  |x Filosofía 
650 |a Poesía 
650 |a Estética -  |x Tema Principal 
650 |a Arte y Sociedad 
650 |a Arte y Religión 
650 |a Arte 
650 |a Psicología -  |x Filosofía 
650 |a Filosofía del Siglo XX 
910 |a Fondo General 
920 |a Impresos - Libros 
930 |a Colección General 
940 |a Literatura 
905 |a 101 
901 |a 000600  |b IT1  |c LIT  |u 20250521 
901 |a 019683  |b IT1  |c LIT  |u 20250521 
901 |a 007593  |b IT1  |c LIT  |u 20250521 
902 |a https://opac.biblio.iteso.mx/vufind/Record/000388834